书目信息 |
| 题名: |
时尚生活
|
|
| 作者: | 陈曦 , 万爱珍 主编 | |
| 分册: | ||
| 出版信息: | 上海 上海科技教育出版社 2005.11 |
|
| 页数: | 222页 | |
| 开本: | 19cm | |
| 丛书名: | 交际英语口语系列 | |
| 单 册: | ||
| 中图分类: | H319.9 | |
| 科图分类: | ||
| 主题词: | 英语--ying yu--口语 | |
| 电子资源: | ||
| ISBN: | 7-5428-3893-8 | |
| 000 | 00863nam 2200253 450 | |
| 001 | 012006419603 | |
| 005 | 20060922161645.78 | |
| 010 | @a7-5428-3893-8@dCNY13.80 | |
| 100 | @a20060709d2005 km y0chiy0120 ea | |
| 101 | 0 | @achi@aeng |
| 102 | @aCN@b310000 | |
| 105 | @ay z 000yy | |
| 200 | 1 | @a时尚生活@Ashi shang sheng huo@f陈曦, 万爱珍主编@Fchen xi,wan ai zhen zhu bian |
| 210 | @a上海@c上海科技教育出版社@d2005.11 | |
| 215 | @a222页@d19cm | |
| 225 | 2 | @a交际英语口语系列@Ajiao ji ying yu kou yu xi lie |
| 330 | @a本书针对不同的人物对象和不同的情景场合,对语言的组织和安排各有侧重。力求做到语言表达纯正、地道、简洁、实用。 | |
| 410 | 0 | @12001 @a交际英语口语系列 |
| 606 | 0 | @a英语@Aying yu@x口语 |
| 690 | @aH319.9@v4 | |
| 701 | 0 | @a陈曦@Achen xi@4主编 |
| 701 | 0 | @a万爱珍@Awan ai zhen@4主编 |
| 801 | 0 | @aCN@c20060922 |
| 905 | @apdsgxy@dH319.9@eC603 | |
| 时尚生活/陈曦, 万爱珍主编.-上海:上海科技教育出版社,2005.11 |
| 222页;19cm.-(交际英语口语系列) |
| ISBN 7-5428-3893-8:CNY13.80 |
| 本书针对不同的人物对象和不同的情景场合,对语言的组织和安排各有侧重。力求做到语言表达纯正、地道、简洁、实用。 |
| ● |
| 相关链接 |
|
|
|
正题名:时尚生活
索取号:H319.9/C603
 
预约/预借
| 序号 | 登录号 | 条形码 | 馆藏地/架位号 | 状态 | 备注 |
| 1 | 594883 | 205948830 | 语言库209/209语言库 58排7列6层/ [索取号:H319.9/C603] | 在馆 | |
| 2 | 594884 | 205948849 | 语言库209/209语言库 58排7列6层/ [索取号:H319.9/C603] | 在馆 | |
| 3 | 594885 | 205948858 | 语言库209/209语言库 58排7列6层/ [索取号:H319.9/C603] | 在馆 | |
| 4 | 594886 | 205948867 | 语言库209/209语言库 58排7列6层/ [索取号:H319.9/C603] | 在馆 | |
| 5 | 594887 | 205948876 | 语言库209/209语言库 58排7列6层/ [索取号:H319.9/C603] | 在馆 |